|
|
|
|
| LEADER |
00000nam0a2200000 4500 |
| 001 |
161379 |
| 005 |
20231101222242.0 |
| 035 |
|
|
|a (RuTPU)RU\TPU\book\174994
|
| 090 |
|
|
|a 161379
|
| 100 |
|
|
|a 20090608d1959 m y0rusy50 ca
|
| 101 |
0 |
|
|a rus
|
| 102 |
|
|
|a RU
|
| 105 |
|
|
|a a j 001zy
|
| 200 |
1 |
|
|a Технология литейного производства. Литейные формы
|e учебное пособие
|f Н. Н. Рубцов, В. В. Балабин, М. И. Воробьев
|g под ред. Н. Н. Рубцова
|
| 210 |
|
|
|a Москва
|c Машгиз
|d 1959
|
| 215 |
|
|
|a 557 с.
|c ил.
|
| 320 |
|
|
|a Библиогр.: с. 553.
|
| 606 |
1 |
|
|a Формовка
|x Литейное дело
|2 stltpush
|3 (RuTPU)RU\TPU\subj\64091
|9 81015
|
| 610 |
1 |
|
|a литейное производство
|
| 610 |
1 |
|
|a литейные формы
|
| 610 |
1 |
|
|a формовочные материалы
|
| 610 |
1 |
|
|a производство
|
| 610 |
1 |
|
|a проектирование
|
| 610 |
1 |
|
|a деревянные модели
|
| 610 |
1 |
|
|a гипсовые модели
|
| 610 |
1 |
|
|a формовка
|
| 610 |
1 |
|
|a стержни
|
| 610 |
1 |
|
|a литниковые системы
|
| 610 |
1 |
|
|a выбивка
|
| 610 |
1 |
|
|a очистка
|
| 610 |
1 |
|
|a отливки
|
| 610 |
1 |
|
|a учебные пособия
|
| 675 |
|
|
|a 621.744(076.5)
|v 3
|
| 700 |
|
1 |
|a Рубцов
|b Н. Н.
|g Николай Николаевич
|
| 701 |
|
1 |
|a Балабин
|b В. В.
|g Василий Васильевич
|
| 701 |
|
1 |
|a Воробьев
|b М. И.
|g Михаил Иванович
|
| 702 |
|
1 |
|a Рубцов
|b Н. Н.
|g Николай Николаевич
|4 340
|
| 801 |
|
1 |
|a RU
|b 63413507
|c 20090608
|g PSBO
|
| 801 |
|
2 |
|a RU
|b 63413507
|c 20150909
|g RCR
|
| 942 |
|
|
|c BK
|